000 00358nam a2200133Ia 4500
008 150202s9999 xx 000 0 und d
020 _a373288107
050 _aFIC
_bFIC
100 _aKnight, Kristie.
245 _aDylan's honor /
_cKristie Knight.
260 _aNew York :
_bHarlequin Books,
_c1994.
300 _a299 pages :
_c18 cm.
650 _aFiction.
999 _c282143
_d282143